000
00278nam a2200121Ia 4500
005
20251222143133.0
008
251222s9999||||xx |||||||||||||| ||spa||
082
_a
848.9/C45
100
_a
Cesbron, Gilbert
245
0
_a
Es Mozart quien muere
264
_b
Destino
942
_c
LIB
999
_c
12009
_d
12009